Reeducación de los trastornos de lectura : la dislexia /
Guardado en:
| Autor Principal: | |
|---|---|
| Formato: | Libro |
| Idioma: | Spanish |
| Publicado: |
Barcelona :
L. Miracle,
1966.
|
| Series: | Paideia. Biblioteca práctica de pedagogía de la infancia, v. 32
|
| Etiquetas: |
Agregar Etiqueta
Sin Etiquetas, Sea el primero en etiquetar este registro!
|
| LEADER | 00532nam a22001575a 4500 | ||
|---|---|---|---|
| 001 | EUN.um020013 | ||
| 003 | AR-BaUNS | ||
| 005 | 20050623122900.0 | ||
| 008 | 041125s1966####sp############000#0#spa#d | ||
| 245 | 1 | 0 | |a Reeducación de los trastornos de lectura : |b la dislexia / |c Francis Kocher. |
| 260 | |a Barcelona : |b L. Miracle, |c 1966. | ||
| 300 | |a 164 p. | ||
| 490 | 0 | |a Paideia. Biblioteca práctica de pedagogía de la infancia, v. 32 | |
| 100 | 1 | |a Kocher, Francis. | |
| 082 | 0 | 4 | |a 370.15 |
| 859 | |a Ar-BaUNS |b BIB. CENTRAL - Sector C |h 370.15 |i K811-1 |p 65922/973 | ||
